Countries By Their Former Name #4 - Statistics

General Stats
  • This quiz has been taken 84 times
  • The average score is 11 of 16
Answer Stats
Former Name Present Day Name % Correct
Bolivar Bolivia
97%
Hispania Spain
94%
Macedonia North Macedonia
92%
Hashemite Kingdom of Transjordan Jordan
91%
Swaziland Eswatini
87%
Iranian Azerbaijan Azerbaijan
86%
Portugese Guinea Guinea-Bissau
85%
Southern Rhodesia Zimbabwe
85%
Nihon Japan
81%
Northern Rhodesia Zambia
81%
Buganda Uganda
77%
Snowland Iceland
66%
Lucilinburhuc Luxembourg
34%
Cuzcatlan El Salvador
23%
Maleth Malta
18%
Metohija Kosovo
15%
No matching quizzes found
Score Distribution
Percent of People with Each Score
Percentile by Number Answered
Your Score History
You have not taken this quiz